000 01216nam2a22002531 4500
001 RU\NLR\INFOCOMM10\1000145925
005 20250617153924.0
035 _a(NLR Aleph) 002751588
090 _a2147132
_c2147132
100 _a20040206d1982 |||y0rusy50 ca
101 0 _arus
102 _aRU
105 _ay |||||||||
200 1 _aБригадный подряд в буровых и вышкомонтажных бригадах Министерства газовой промышленности
_fБаско, П.В. и др.
210 _d1982
_aБ. м.
461 0 _1001RU\NLR\INFOCOMM10\1000145852
_12001#$aГазовая промышленность$iСерия "Экономика, организация и управление в газовой промышленности"$v1982, Вып.4
_92146477
_cМ.
_d1976-
_iСерия "Экономика, организация и управление в газовой промышленности"
_tГазовая промышленность
_v1982, Вып.4
700 1 _aБаско
_bП.В.
_4070
801 1 _aRU
_bInfoComm
_c20040206
801 0 _aRU
_bNLR
_gPSBO
852 _aNLR
_jП22/4514
942 _cISSUE
980 _aNB
980 _aRUSPER